header

Spectral sensing research for surface and air monitoring in chemical, biological and radiological defense and security applications (Record no. 140247)

MARC details
000 -LEADER
fixed length control field 03220nam a22005294a 4500
082 04 - DEWEY DECIMAL CLASSIFICATION NUMBER
Classification number 623.4/590287
245 10 - TITLE STATEMENT
Title Spectral sensing research for surface and air monitoring in chemical, biological and radiological defense and security applications
260 ## - PUBLICATION, DISTRIBUTION, ETC. (IMPRINT)
Place of publication New Jersey :
Name of publisher World Scientific,
Year of publication c2009.
300 ## - PHYSICAL DESCRIPTION
Number of Pages xii, 532 p. :
Other physical details ill.
490 1# - SERIES STATEMENT
Series statement Selected topics in electronics and systems ;
500 ## - GENERAL NOTE
General note "Select papers from the 2006 International Symposium on Spectral Sensing Research (2006 ISSSR)."--P. v.
520 ## - SUMMARY, ETC.
Summary, etc This book provides unique perspectives on the state of the art in multispectral/hyperspectral techniques for early-warning monitoring against chemical, biological and radiological (CB&R) contamination of both surface (e.g. land) and air (e.g. atmospheric) environments through the presentation of a comprehensive survey of the novel spectroscopic methodologies and technologies that are emerging to address the CB&R defense and security challenges of the future. The technical content in this book lends itself to the non-traditional requirements for point and stand-off detection that have evolved out of the US joint services programs over many years. In particular, the scientific and technological work presented seeks to enable hyperspectral-based sensing and monitoring that is in real time and in-line; low in cost and labor requirements; and easy to support, maintain and use in military and security-relevant scenarios.--Publisher's description.
650 #0 - SUBJECT ADDED ENTRY--TOPICAL TERM
Topical Term Environmental monitoring
Topical Term Radioactive pollution
Topical Term Chemical detectors
Topical Term Chemical terrorism
Topical Term Biological weapons
Topical Term Spectrum analysis
700 1# - ADDED ENTRY--PERSONAL NAME
Personal name Th�eriault, Jean-Marc,
Personal name Jensen, James O.
856 40 - ELECTRONIC LOCATION AND ACCESS
Uniform Resource Identifier http://site.ebrary.com/lib/rucke/Doc?id=10422205

No items available.

© 2026 Rongo University
Contact us: librarian | system librarian | Rongo university